[Event "New Delhi Matrix op 3rd"]
[Site "New Delhi"]
[Date "2024.04.10"]
[Round "9"]
[White "Aronyak, Ghosh"]
[Black "Shubhi, Gupta"]
[Result "1-0"]
[WhiteElo "2517"]
[BlackElo "1953"]
[PlyCount "75"]
[EventDate "2024.04.06"]
[EventType "swiss"]
[EventRounds "9"]
[EventCountry "IND"]
[SourceTitle "CB16_2024"]
[SourceDate "2024.04.17"]
[SourceVersion "1"]
[SourceVersionDate "2024.04.17"]
[SourceQuality "1"]

1. c4 e5 2. d3 d6 3. Nc3 f5 4. g3 Nf6 5. Bg2 g6 6. Nf3 Bg7 7. 0-0 0-0 8. Rb1 c6 9. b4 Qc7 10. Bd2 Nbd7 11. b5 Nc5 12. Be3 Ne6 13. bxc6 bxc6 14. Ng5 f4 15. Nxe6 Bxe6 16. Bd2 fxg3 17. hxg3 d5 18. Qa4 d4 19. Ne4 Nxe4 20. Bxe4 Rac8 21. Rb2 Bf5 22. Bg2 e4 23. dxe4 d3 24. Bf4 Qf7 25. Rd2 dxe2 26. Rxe2 Be6 27. Rc1 Rfd8 28. e5 Rd4 29. Re4 c5 30. Rd1 Rcd8 31. Rexd4 Rxd4 32. Rb1 Rxc4 33. Rb8+ Bf8 34. Qc6 Bd7 35. e6 Qxf4 36. gxf4 Bxc6 37. e7 Rxf4 38. Bxc6 1-0

[Event "Titled Tuesday intern op 02nd Apr Early"]
[Site "Chess.com INT"]
[Date "2024.04.02"]
[Round "8"]
[White "Dziewonski, Dariusz"]
[Black "Shubhi, Gupta"]
[Result "1-0"]
[WhiteElo "2289"]
[BlackElo "1953"]
[PlyCount "97"]
[EventDate "2024.04.02"]
[EventType "swiss (blitz)"]
[EventRounds "11"]
[EventCountry "USA"]
[SourceTitle "CB15_2024"]
[SourceDate "2024.04.10"]
[SourceVersion "1"]
[SourceVersionDate "2024.04.10"]
[SourceQuality "1"]

1. e4 e5 2. Nf3 Nc6 3. Nc3 Nf6 4. d4 exd4 5. Nxd4 Bb4 6. Nxc6 bxc6 7. Bd3 d5 8. Bd2 0-0 9. 0-0 Bxc3 10. Bxc3 Nxe4 11. Bxe4 dxe4 12. Qe2 Bf5 13. Qe3 Qe7 14. Qf4 Bg6 15. Rad1 Rad8 16. Qe3 f5 17. Qxa7 Ra8 18. Qd4 Rxa2 19. Qc4+ Bf7 20. Qxc6 e3 21. fxe3 Qxe3+ 22. Kh1 f4 23. Qxc7 h6 24. Qxf4 Qxf4 25. Rxf4 Bg6 26. Rg4 Kh7 27. h3 Ra6 28. Rd7 Rg8 29. Rc4 Bxc2 30. Rcc7 Rg6 31. Bxg7 R8xg7 32. Rxg7+ Rxg7 33. Rxc2 Rb7 34. Kg1 Kg6 35. Kf1 Rf7+ 36. Ke1 Re7+ 37. Kd1 Rd7+ 38. Kc1 Re7 39. b4 Kg5 40. b5 Kh4 41. b6 Rb7 42. Rb2 Kg3 43. Kb1 h5 44. Ka2 h4 45. Ka3 Rb8 46. b7 Kf4 47. Ka4 Kg3 48. Ka5 Kf4 49. Ka6 1-0

[Event "Titled Tuesday intern op 02nd Apr Early"]
[Site "Chess.com INT"]
[Date "2024.04.02"]
[Round "5"]
[White "Shubhi, Gupta"]
[Black "Feliz Dotel, Dewar Bienvenido"]
[Result "1-0"]
[WhiteElo "1953"]
[BlackElo "2032"]
[PlyCount "41"]
[EventDate "2024.04.02"]
[EventType "swiss (blitz)"]
[EventRounds "11"]
[EventCountry "USA"]
[SourceTitle "CB15_2024"]
[SourceDate "2024.04.10"]
[SourceVersion "1"]
[SourceVersionDate "2024.04.10"]
[SourceQuality "1"]

1. d4 Nf6 2. Nf3 g6 3. Nc3 d5 4. Bf4 Bg7 5. e3 0-0 6. Be2 c5 7. Ne5 cxd4 8. exd4 Nc6 9. h4 h5 10. Qd2 Nxe5 11. Bxe5 Ne4 12. Nxe4 Bxe5 13. dxe5 dxe4 14. Qf4 Bf5 15. g4 Qa5+ 16. c3 Bxg4 17. Bxg4 hxg4 18. Qxe4 Rfd8 19. 0-0 Qb6 20. Qxg4 Qxb2 21. e6 1-0

[Event "Titled Tuesday intern op 02nd Apr Early"]
[Site "Chess.com INT"]
[Date "2024.04.02"]
[Round "10"]
[White "Tan, Ralph"]
[Black "Shubhi, Gupta"]
[Result "1-0"]
[WhiteElo "2004"]
[BlackElo "1953"]
[PlyCount "47"]
[EventDate "2024.04.02"]
[EventType "swiss (blitz)"]
[EventRounds "11"]
[EventCountry "USA"]
[SourceTitle "CB15_2024"]
[SourceDate "2024.04.10"]
[SourceVersion "1"]
[SourceVersionDate "2024.04.10"]
[SourceQuality "1"]

1. e4 e5 2. Nf3 Nc6 3. Bb5 a6 4. Ba4 Nf6 5. 0-0 Be7 6. Re1 b5 7. Bb3 d6 8. h3 0-0 9. c3 Na5 10. Bc2 c5 11. d4 cxd4 12. cxd4 Qc7 13. Nc3 Nc6 14. Bg5 b4 15. Bxf6 bxc3 16. Bxe7 cxb2 17. Bxf8 bxa1Q 18. Qxa1 Kxf8 19. Bb3 Rb8 20. Rc1 Qb7 21. Bd5 Bd7 22. dxe5 dxe5 23. Nxe5 Be8 24. Nxc6 1-0

[Event "Titled Tuesday intern op 13th Feb Early"]
[Site "Chess.com INT"]
[Date "2024.02.13"]
[Round "2"]
[White "Shubhi, Gupta"]
[Black "Ju, Wenjun"]
[Result "1-0"]
[WhiteElo "1929"]
[BlackElo "2559"]
[PlyCount "51"]
[EventDate "2024.02.13"]
[EventType "swiss (blitz)"]
[EventRounds "11"]
[EventCountry "USA"]
[SourceTitle "CB08_2024"]
[SourceDate "2024.02.21"]
[SourceVersion "1"]
[SourceVersionDate "2024.02.21"]
[SourceQuality "1"]

1. d4 Nf6 2. Nf3 d5 3. Bg5 Ne4 4. Bh4 c5 5. e3 Qb6 6. Nc3 Nxc3 7. bxc3 e6 8. Be2 Nc6 9. 0-0 Be7 10. Bxe7 Nxe7 11. c4 0-0 12. cxd5 Nxd5 13. c4 Nc3 14. Qc2 Nxe2+ 15. Qxe2 Qc7 16. Rac1 Rd8 17. Rfd1 cxd4 18. exd4 b6 19. c5 bxc5 20. Rxc5 Qb6 21. Ne5 Bb7 22. h3 h6 23. Qh5 Rf8 24. Nd7 Qb2 25. Nxf8 Rxf8 26. Rb5 1-0

[Event "Titled Tuesday intern op 06th Feb Early"]
[Site "Chess.com INT"]
[Date "2024.02.06"]
[Round "1"]
[White "Aldokhin, Ivan"]
[Black "Shubhi, Gupta"]
[Result "1-0"]
[WhiteElo "2413"]
[BlackElo "1929"]
[PlyCount "47"]
[EventDate "2024.02.06"]
[EventType "swiss (blitz)"]
[EventRounds "11"]
[EventCountry "USA"]
[SourceTitle "CB07_2024"]
[SourceDate "2024.02.14"]
[SourceVersion "1"]
[SourceVersionDate "2024.02.14"]
[SourceQuality "1"]

1. d4 d5 2. c4 e6 3. Nc3 Nf6 4. cxd5 exd5 5. Bg5 Nbd7 6. e3 c6 7. Bd3 Be7 8. Qc2 0-0 9. Nf3 h6 10. Bh4 Re8 11. 0-0 Nf8 12. Rae1 Ne4 13. Bxe7 Qxe7 14. Ne5 Nxc3 15. bxc3 f6 16. Ng6 Nxg6 17. Bxg6 Rf8 18. e4 dxe4 19. Rxe4 Qc7 20. Rfe1 f5 21. Qb3+ Kh8 22. Re8 Bd7 23. Rxa8 Rxa8 24. Qf7 1-0

[Event "Titled Tuesday intern op 06th Feb Early"]
[Site "Chess.com INT"]
[Date "2024.02.06"]
[Round "2"]
[White "Dushyant, Sharma"]
[Black "Shubhi, Gupta"]
[Result "1-0"]
[WhiteElo "2331"]
[BlackElo "1929"]
[PlyCount "43"]
[EventDate "2024.02.06"]
[EventType "swiss (blitz)"]
[EventRounds "11"]
[EventCountry "USA"]
[SourceTitle "CB07_2024"]
[SourceDate "2024.02.14"]
[SourceVersion "1"]
[SourceVersionDate "2024.02.14"]
[SourceQuality "1"]

1. e4 e5 2. Nf3 Nc6 3. Nc3 Nf6 4. Bb5 Nd4 5. Ba4 Bc5 6. d3 Qe7 7. Be3 Nxf3+ 8. Qxf3 Bxe3 9. fxe3 c6 10. 0-0 0-0 11. Bb3 d6 12. Qg3 Be6 13. Rf2 Bxb3 14. axb3 d5 15. Raf1 Kh8 16. Rf5 Rae8 17. Rg5 Rg8 18. Rff5 h6 19. Rxe5 hxg5 20. Rxe7 Rxe7 21. Qxg5 dxe4 22. Qh4+ 1-0

[Event "Titled Tuesday intern op 12th Dec Early"]
[Site "Chess.com INT"]
[Date "2023.12.12"]
[Round "7"]
[White "Shubhi, Gupta"]
[Black "Yushko, Olga"]
[Result "1-0"]
[WhiteElo "1902"]
[BlackElo "2064"]
[PlyCount "65"]
[EventDate "2023.12.12"]
[EventType "swiss (blitz)"]
[EventRounds "11"]
[EventCountry "USA"]
[SourceTitle "CB51_2023"]
[SourceDate "2023.12.20"]
[SourceVersion "1"]
[SourceVersionDate "2023.12.20"]
[SourceQuality "1"]

1. d4 e6 2. Nf3 f5 3. Bg5 Be7 4. Bxe7 Qxe7 5. Nc3 Nf6 6. g3 d6 7. Bg2 0-0 8. Qb1 Nc6 9. b4 e5 10. Qb3+ Kh8 11. d5 Nd4 12. Nxd4 exd4 13. Nb5 c5 14. dxc6 bxc6 15. Nxd4 Bb7 16. 0-0 Rac8 17. Nxf5 Qe5 18. Ne3 d5 19. c4 d4 20. Nc2 Rcd8 21. Rad1 Ng4 22. h3 Nh6 23. Qd3 Nf5 24. b5 Rf6 25. Nb4 Rg6 26. Nxc6 Bxc6 27. Bxc6 Nxg3 28. fxg3 Rxg3+ 29. Bg2 Rxd3 30. exd3 Qe3+ 31. Kh2 h5 32. Be4 Rd6 33. Rf8# 1-0

[Event "Wch U16 Girls"]
[Site "Montesilvano"]
[Date "2023.11.23"]
[Round "10"]
[White "Gvatua, Mariam"]
[Black "Shubhi, Gupta"]
[Result "0-1"]
[WhiteElo "1701"]
[BlackElo "1940"]
[PlyCount "60"]
[EventDate "2023.11.13"]
[EventType "swiss"]
[EventRounds "11"]
[EventCountry "ITA"]
[SourceTitle "CB48_2023"]
[SourceDate "2023.11.29"]
[SourceVersion "1"]
[SourceVersionDate "2023.11.29"]
[SourceQuality "1"]

1. Nf3 d5 2. g3 Bg4 3. Bg2 c6 4. 0-0 Nd7 5. h3 Bh5 6. d4 e6 7. Nbd2 Ngf6 8. c4 Be7 9. a3 a5 10. Ne5 Nxe5 11. dxe5 Nd7 12. cxd5 cxd5 13. f4 f6 14. exf6 Bxf6 15. Kh2 0-0 16. g4 Bg6 17. Nb3 Qb6 18. g5 Bxg5 19. Nd4 Be4 20. Bxe4 dxe4 21. e3 Bf6 22. Rg1 Rad8 23. b4 axb4 24. axb4 Kh8 25. Rg2 e5 26. fxe5 Nxe5 27. Bb2 Nf3+ 28. Kh1 Be5 29. Rg4 Qh6 30. Kg2 Qxe3 0-1

[Event "Wch U16 Girls"]
[Site "Montesilvano"]
[Date "2023.11.15"]
[Round "3"]
[White "Shubhi, Gupta"]
[Black "Jansone, Melanija Luize"]
[Result "1-0"]
[WhiteElo "1940"]
[BlackElo "1658"]
[PlyCount "89"]
[EventDate "2023.11.13"]
[EventType "swiss"]
[EventRounds "11"]
[EventCountry "ITA"]
[SourceTitle "CB48_2023"]
[SourceDate "2023.11.29"]
[SourceVersion "1"]
[SourceVersionDate "2023.11.29"]
[SourceQuality "1"]

1. d4 Nf6 2. Nf3 g6 3. c4 Bg7 4. Nc3 d6 5. Bg5 Nbd7 6. e3 c5 7. Be2 a6 8. 0-0 0-0 9. Qc2 b6 10. Rad1 Qc7 11. h3 Bb7 12. d5 Rad8 13. Bf4 Ne8 14. Rfe1 Ndf6 15. e4 Qc8 16. Bh2 Nc7 17. Qb3 b5 18. cxb5 axb5 19. Bxb5 Nxb5 20. Nxb5 Ba6 21. Nc3 Qa8 22. e5 dxe5 23. Nxe5 Bb7 24. Nc6 Bxc6 25. dxc6 Qxc6 26. Re2 e5 27. Rxe5 Rxd1+ 28. Qxd1 Qb6 29. Re7 Qb4 30. Qe2 Qb3 31. a3 Rc8 32. Bd6 Qb5 33. Re3 Qb6 34. Bg3 h5 35. Be5 Rd8 36. Qf3 Ne8 37. Nd5 Qa6 38. Bxg7 Nxg7 39. Nf6+ Kh8 40. Re7 Qc4 41. b3 Qc1+ 42. Kh2 Rf8 43. Nd7 Nf5 44. Nxf8 Nxe7 45. Qxf7 1-0

[Event "IND-ch U19 Girls"]
[Site "Ahmedabad"]
[Date "2023.09.28"]
[Round "11"]
[White "Bhagyashree, Patil"]
[Black "Shubhi, Gupta"]
[Result "0-1"]
[WhiteElo "1879"]
[BlackElo "1761"]
[PlyCount "58"]
[EventDate "2023.09.20"]
[EventType "swiss"]
[EventRounds "11"]
[EventCountry "IND"]
[SourceTitle "EXT 2024"]
[Source "ChessBase"]
[SourceDate "2023.10.10"]
[SourceVersion "1"]
[SourceVersionDate "2023.10.10"]
[SourceQuality "1"]

1. e4 e5 2. f4 exf4 3. Nf3 d5 4. exd5 Be7 5. Bb5+ c6 6. dxc6 bxc6 7. Be2 Bh4+ 8. Nxh4 Qxh4+ 9. Kf1 Ne7 10. Qe1 Qf6 11. Qf2 0-0 12. Nc3 Na6 13. d3 Nb4 14. Bf3 Re8 15. a3 Nbd5 16. Ne4 Qe5 17. d4 Qc7 18. c4 Ba6 19. b3 Nf5 20. Kg1 Nde3 21. Bxe3 fxe3 22. Qe2 Nxd4 23. Qxe3 Nxf3+ 24. Qxf3 Qe5 25. Nc3 Qd4+ 26. Kf1 Re3 27. Qxc6 Rae8 28. Nd5 Qxa1+ 29. Kf2 Qb2+ 0-1

[Event "IND-ch U19 Girls"]
[Site "Ahmedabad"]
[Date "2023.09.24"]
[Round "6"]
[White "Shubhi, Gupta"]
[Black "Prasiddhi, Bhat"]
[Result "1-0"]
[WhiteElo "1761"]
[BlackElo "1543"]
[PlyCount "101"]
[EventDate "2023.09.20"]
[EventType "swiss"]
[EventRounds "11"]
[EventCountry "IND"]
[SourceTitle "EXT 2024"]
[Source "ChessBase"]
[SourceDate "2023.10.10"]
[SourceVersion "1"]
[SourceVersionDate "2023.10.10"]
[SourceQuality "1"]

1. d4 d5 2. Nc3 e6 3. e4 dxe4 4. Nxe4 Nd7 5. Nf3 Ngf6 6. Bg5 Be7 7. Nxf6+ Nxf6 8. Bd3 b6 9. Qe2 Bb7 10. 0-0-0 Nd5 11. Bd2 c6 12. Ne5 Bg5 13. Rhe1 Bxd2+ 14. Qxd2 Qe7 15. c3 0-0-0 16. f4 Qc7 17. g3 f6 18. Ng4 c5 19. dxc5 Qxc5 20. Kb1 Kb8 21. Nf2 Nc7 22. Qe2 Bd5 23. Ne4 Qa5 24. c4 Bc6 25. Bc2 e5 26. f5 b5 27. Nd6 bxc4 28. Nxc4 Qc5 29. Bb3 Nb5 30. Qg4 Qe7 31. Na5 Ba8 32. Qc4 Nc7 33. Rc1 Qd7 34. Ka1 Bd5 35. Qc5 Na6 36. Qa3 Bxb3 37. Nc6+ Ka8 38. axb3 Nb8 39. Nxd8 Rxd8 40. Qa5 Rc8 41. Rxc8 Qxc8 42. Qd5+ Qc6 43. Qd8 Qa6+ 44. Kb1 Qb5 45. Rd1 Qxb3 46. Qd5+ Qxd5 47. Rxd5 Kb7 48. Rd8 Kc7 49. Rg8 g6 50. fxg6 hxg6 51. Rg7+ 1-0

[Event "IND-ch (Women) 49th"]
[Site "Ahmedabad"]
[Date "2023.07.07"]
[Round "8"]
[White "Arpita, Mukherjee"]
[Black "Shubhi, Gupta"]
[Result "1-0"]
[WhiteElo "2079"]
[BlackElo "1602"]
[PlyCount "91"]
[EventDate "2023.06.30"]
[EventType "swiss"]
[EventRounds "11"]
[EventCountry "IND"]
[SourceTitle "CBM 215 Extra"]
[Source "ChessBase"]
[SourceDate "2023.09.30"]
[SourceVersion "1"]
[SourceVersionDate "2023.09.30"]
[SourceQuality "1"]

1. d4 Nf6 2. Bf4 d5 3. e3 c5 4. c3 Nc6 5. Nd2 Bf5 6. Qb3 Qd7 7. Ngf3 c4 8. Qd1 b5 9. Be2 e6 10. Nh4 Bd6 11. Bg3 a5 12. 0-0 0-0 13. Bxd6 Qxd6 14. g4 Be4 15. f3 Bg6 16. f4 Be4 17. a4 h6 18. axb5 Ne7 19. g5 hxg5 20. fxg5 Nh7 21. Nxe4 dxe4 22. g6 fxg6 23. Bxc4 g5 24. Ng2 Rf4 25. Rf2 Rxf2 26. Be2 Rf1+ 27. Bxf1 Nf6 28. c4 Qb4 29. Qc2 Qd6 30. Be2 Qc7 31. b4 Nf5 32. c5 Qd8 33. Rxa5 Rxa5 34. bxa5 Qxa5 35. b6 Qa1+ 36. Bf1 Qa8 37. c6 Nd6 38. Qc5 Nfe8 39. b7 Qb8 40. Qe5 Kf7 41. Bc4 Qc7 42. Bxe6+ Kf8 43. Qc5 Ke7 44. Bg4 Nf6 45. Qb4 Qb8 46. c7 1-0